Quizzes
Events
Quiz Creation
Community
Videos
Private Events
Remove Ads
Sign In
Join for FREE
Feedback
Dark Mode
Quiz Categories
Sports
Geography
Music
Movies
Television
Just For Fun
Miscellaneous
History
Literature
Language
Science
Gaming
Entertainment
Religion
Holiday
For Kids
Quiz Lab
Recent
Popular Today
Quiz Kudos Today
Editor Picks
Curator Picks
Quizzes by...
Day
Popularity
Type
Ratings
Length
Year
Community
Subscriptions
Recent Discussions
Orange Saloon
Badges
Playlists
Quests
Create
Leaderboards
Showdown
Live 5
Trivia Bingo
Activity
Puzzle Library
Sporcle Events
Private Events
Virtual Trivia
Globe League
Become a Host
Pub Owners
SporcleCon
Opinionation
Our Games
Videos
Blog
Mobile Apps
Partnerships
Remove Ads and Go Orange
Feedback
Miscellaneous
Crossword
General Knowledge
Baby Names
Logo
Food
Cars
Numbers
Grab Bag
University
College
Popular
Company
Slogans
Restaurants
Justice
Letter
Miscellaneous
Crossword
General Knowledge
Baby Names
Logo
Food
Cars
Numbers
Grab Bag
University
College
Popular
Company
Slogans
Restaurants
Justice
Letter
Random Quiz
Search Sporcle
×
Quiz Lab
Quiz Lab
Miscellaneous
Guest Judges
Type in answers that appear in a list
Type in answers that appear in a list
Classic
Best Score? Go Orange.
Talent shows by presenter Stats
Can you name the Talent shows by presenter?
By
wweloover96
10m
10 Questions
59 Plays
59 Plays
59 Plays
Comments
Comments
Give Quiz Kudos
Give Quiz Kudos
-
- Ratings
hide this ad
Replay
Link that replays current quiz
Next Quiz
Link to next quiz in quiz playlist
You Got
0%
They Got
Avg Score
39%
Avg Friend Score
Upgrade to see
Score Distribution
Jump to the score distribution portion of the page
Score
0/10
Timer
10:00
0
Plays Today
Presenter
Talent shows
% Correct
Olly Murs and Caroline Flack
X Factor
79.7%
Ant and Dec
Britain's Got Talent
66.1%
Marvin Humes and Emma Willis
The Voice UK
55.9%
Ryan Seacrest
American Idol
52.5%
Nick Cannon
America's Got Talent
49.2%
Steve Jones
X Factor USA
33.9%
Christina Milian
The Voice USA
28.8%
Julia Morris
Australia's Got Talent
18.6%
Myleene Klass
Popstar to Operastar
5.1%
Alex Gonzaga
The Voice Philippines
3.4%
Quiz Playlist
Details
Report
Send in Message
Add To Playlist
Classic:
Type in answers that appear in a list
Last Updated: Feb 16, 2017
Quiz Scoreboard
CHALLENGE
Sign Up to Join the Scoreboard
Show All
Scores
Hide
Comments
May contain spoilers
Recently Published
Presidents Visiting Landmarks
by Hejman
History
7m
An Introduction to Baseball
by treessimontrees
Sports
5m
Movies - When Are They Set?
by FPL_Elf
Movies
5m
More to Explore
Quiz From the Vault
Featured Blog Post
Where Did the Easter Bunny Come From?
hide this ad
You Might Also Like...
Tags
Guest Judges
The Voice
X Factor
Today's Top Quizzes in Miscellaneous
Browse Miscellaneous
hide this ad
Top Contributed Quizzes in Miscellaneous
1
5-to-1: Fast Food
2
The JOE quick-fire general knowledge quiz: Day 174
3
The JOE quick-fire general knowledge quiz: Day 173
4
The JOE quick-fire general knowledge quiz: Day 172
5
5-to-1: Cocktails
6
Sunday Crossword: Famous Bodies of Water
7
One Thing in Common: United Kingdom II
8
The JOE quick-fire general knowledge quiz: Day 171
9
Named After an Animal - Odd One Out!
10
The JOE quick-fire quiz: Day 170
Explore More
Trending Topics
Crossword
Kpop
NBA
Marvel
Disney
Harry Potter
Anime
Puzzle
NFL
The Office
WWE
Soccer
Pokémon
Song
Country
hide this ad
More By:
wweloover96
Quiz
Plays
Rating
Category
Featured
Created
Ultimate geography challenge (Redux)
3,123
1.18
Geography
Jun 22, 2015
UK counties without I
338
1.86
Geography
Jun 25, 2015
Jurassic Park 1 Dinosaurs in order they appear
331
1.50
Movies
Jun 20, 2015
WWE and TNA with similar finishers
314
1.50
Entertainment
Jun 9, 2015
Harry Potter pet match up
309
2.80
Movies
Jul 5, 2015
Go to Creator's Profile
Score Distribution
Quiz Creator Spotlight
wweloover96
Follow
Send a Message
Quizzes Created
-
Created Quiz Play Count
-
More By This Creator
Popular Quizzes Today
1
Find the US States - No Outlines Minefield
2
Find the Countries of Europe - No Outlines Minefield
3
The Countries of the World
4
Find the US States
5
Popular People in 1961
6
US States
7
Risky Map Clicking: Biggest States A-Z
8
1-10 Letter E Words III
More Miscellaneous Quizzes
Food Quiz: North American Desserts
Editor's Pick
Trending Quizzes
Risky Map Clicking: Least Populous States A-Z
1-10 Letter G Words
1-10 Letter F Words
Risky Map Clicking: Next State Alphabetically
Risky Map Clicking: Biggest States A-Z
Recently Updated
Leaping Animals
pecheneg
Reality TV Shows (A-Z)
bhenderson79
Rickey Henderson's Hall of Fame Teammates
pecheneg
Champions League XIs: Arsenal
pecheneg
Quick Pick: Celebrities in WWE's Hall of Fame
aduchscher
A-Z Keypad Blitz II
pecheneg
Multiple Oscar Actors
pecheneg
Mystery Phrase Blitz: Oscar 'Best Actors'
pecheneg
F. Scott Fitzgerald Novels
LTH
Pick 3 Villains
ddd62291
Trending Topics
Anime
Kpop
NBA
Crossword
Disney
Marvel
Harry Potter
Country
WWE
Puzzle
NFL
Soccer
Song
Pokémon
The Office
Your Account Isn't Verified!
In order to create a playlist on Sporcle, you need to verify the email address you used during registration. Go to your
Sporcle Settings
to finish the process.
Report this User
Report this user for behavior that violates our
Community Guidelines
.
Details:
Send Report
Go to the Sporcle.com Mobile Site →
Comments